American Football Ireland - Statistics

General Stats
  • This quiz has been taken 7 times
    6 since last reset
  • The average score is 27 of 55
Answer Stats
Answer % Correct
Craigavon Cowboys
100%
Lurgan Raiders
100%
Portadown Panthers
100%
South Dublin Panthers
100%
Antrim Bulldogs
50%
Antrim Jets
50%
Belfast Blitzers
50%
Belfast Bulls
50%
Belfast Giants
50%
Belfast Knights
50%
Belfast Lasers
50%
Belfast Spartans
50%
Belfast Trojans
50%
Carrickfergus Cougars
50%
Causeway Giants
50%
Cill Dara Crusaders
50%
Coleraine Chieftans
50%
Cork Admirals
50%
County Antrim Stags
50%
DCU Saints
50%
Dublin Bulls
50%
Dublin Celts
50%
Dublin Lightning
50%
Dublin Rebels
50%
Dublin Tigers
50%
Dublin Tornadoes
50%
East Side Jets
50%
Erris Rams
50%
Galway Warriors
50%
Greystones Rebels
50%
Lee Valley Steelers
50%
Limerick Patriots
50%
Louth Mavericks
50%
Meath Bulldogs
50%
NI Razorbacks
50%
North Dublin Pirates
50%
North Kildare Reapers
50%
Northwest Vipers
50%
Queens University Belfast Broncos
50%
South Kildare Soldiers
50%
Trinity College Dublin
50%
Tullamore Phoenix
50%
Tyrone Titans
50%
University College Dublin
50%
University of Limerick Vikings
50%
Waterford Wolves
50%
West Dublin Rhinos
50%
Westmeath Minotaurs
50%
Wexford Eagles
50%
Drogheda Lightning
0%
Edenderry Soldiers
0%
Jordanstown Jaguars
0%
Midlands Soldiers
0%
North Dublin Marshals
0%
Tallaght Outlaws
0%
No matching quizzes found
Score Distribution
Percent of People with Each Score
Percentile by Number Answered
Your Score History
You have not taken this quiz since the last reset